Tallest buildings in Skåne - Statistics

General Stats
  • This quiz has been taken 19 times
  • The average score is 2 of 15
Answer Stats
Height Year of construction Name of building % Correct
190.4 m 2005 Turning Torso
100%
82 m 1964 Kronprinsen
31%
74 m 2013 Ideon gateway
13%
87 m 2015 Malmö Live
13%
55 m 2015 Niagara
13%
62 m 2014 Malmö Arena Hotell
6%
110 m 2017 Point Hyllie A
6%
55 m 2015 Point Hyllie C
6%
57 m 1973 Centralsjukhuset
0%
66 m 2014 Höjdpunkten
0%
69 m 1989 Hotell Triangeln
0%
65 m 1958 Kockumshuset
0%
56 m 2015 Meeting Point Malmö
0%
63 m 1991 Slagthuset
0%
67 m 2014 Triangeln bostäder
0%
No matching quizzes found
Score Distribution
Percent of People with Each Score
Percentile by Number Answered
Your Score History
You have not taken this quiz